00270nam a2200109Ia 4500008004100000100001500041245004000056250000800096260003200104300000800136650001600144191201s2013 xx 000 0 und d aGUPTA, J B 0aElectromechanical Energy Conversion aRep aN. delhibS.K.Katariac2013 a447 aB.Tech(ECE)